000 01275nam a2200325 c 4500
999 _c201557
_d201557
003 BLK
005 20191001141634.0
008 180411b bul|||||r ||||||| ||bul||
010 _aKNG00210998000
040 _aBLK
041 _aBUL
_cBUL
072 7 _2bullib
_aА
_xФонд Михаил Арнаудов
080 _aКласическа гръцка литература. Старогръцка литература
_b821.142
_x-21
_z821.142-21
100 1 _aЕврипид
_eпърви автор
_966537
139 _aЕврипид
_bЕ 20
245 1 0 _aМедея
_cЕврипид; прев. от старогр. Александър Михайлов Балабанов.
257 _aDRG
260 _bХемус
_c1939
_fСофия : Р. Младенов
300 _a90 с.
_c19 см
380 _aX
490 1 _aГръцки класици
490 _aЧастна колекция - Академик Михаил Арнаудов
_9396381
_gДарение - Основен фонд
500 _aФонд Михаил Арнаудов - мека подв.
659 _aА
700 1 _aБалабанов, Александър Михайлов
_eпрев. от старогр.
_9368000
852 _aМА 990
856 4 _qpdf
856 4 _qpdf
942 _cKNG
_n0
_s1
944 _aCR
_c09.08.2017
_kГеновева_Генчева
944 _aED
_c09.08.2017
_kГеновева_Генчева
999 _d201557